[Event "ROM-ch U08"]
[Site "Calimanesti Caciulata"]
[Date "2016.04.24"]
[Round "8"]
[White "Nicodim, David Teodor"]
[Black "Antal, Magor Laszlo"]
[Result "1-0"]
[WhiteElo "1001"]
[BlackElo "1001"]
[PlyCount "93"]
[EventDate "2016.04.18"]
[EventType "swiss"]
[EventRounds "9"]
[EventCountry "ROU"]
[SourceTitle "CBM 172 Extra"]
[Source "ChessBase"]
[SourceDate "2016.06.21"]
[SourceVersion "1"]
[SourceVersionDate "2016.06.21"]
[SourceQuality "1"]

1. e4 c5 2. Nf3 Nc6 3. Bb5 Nf6 4. Bxc6 dxc6 5. Nc3 Bg4 6. h3 Bxf3 7. Qxf3 e5 8. 0-0 Be7 9. d3 0-0 10. Bg5 Qd6 11. Qg3 h6 12. Bxh6 Nh5 13. Qg4 Qxh6 14. Qd7 Nf4 15. Qxe7 Qg6 16. g3 Nxh3+ 17. Kg2 Ng5 18. Qxe5 Qh6 19. Rh1 Rae8 20. f4 Rxe5 21. Rxh6 Re6 22. Rxe6 Nxe6 23. f5 Ng5 24. Rf1 b5 25. f6 g6 26. Rd1 b4 27. Na4 Kh7 28. Nxc5 Rh8 29. Rh1+ Kg8 30. Rxh8+ Kxh8 31. d4 Ne6 32. Nxe6 fxe6 33. d5 exd5 34. exd5 cxd5 35. b3 d4 36. Kf3 a5 37. Ke4 Kg8 38. Kxd4 Kf7 39. c4 bxc3 40. Kxc3 Kxf6 41. b4 axb4+ 42. Kxb4 Kf5 43. a4 g5 44. a5 Kg4 45. a6 Kxg3 46. a7 Kh3 47. a8Q 1-0

[Event "ROM-ch U08"]
[Site "Calimanesti Caciulata"]
[Date "2016.04.23"]
[Round "7"]
[White "Strajan, Andrei Mihai"]
[Black "Nicodim, David Teodor"]
[Result "0-1"]
[WhiteElo "1031"]
[BlackElo "1001"]
[PlyCount "24"]
[EventDate "2016.04.18"]
[EventType "swiss"]
[EventRounds "9"]
[EventCountry "ROU"]
[SourceTitle "CBM 172 Extra"]
[Source "ChessBase"]
[SourceDate "2016.06.21"]
[SourceVersion "1"]
[SourceVersionDate "2016.06.21"]
[SourceQuality "1"]

1. e4 e6 2. d4 d5 3. e5 c5 4. c3 Nc6 5. Nf3 Qb6 6. Bd3 Bd7 7. 0-0 0-0-0 8. Bg5 f6 9. exf6 Nxf6 10. Bxf6 gxf6 11. dxc5 Bxc5 12. b4 Bd6 0-1

[Event "ROM-ch U08"]
[Site "Calimanesti Caciulata"]
[Date "2016.04.20"]
[Round "3"]
[White "Savin, Mihai"]
[Black "Nicodim, David Teodor"]
[Result "1-0"]
[WhiteElo "1061"]
[BlackElo "1001"]
[PlyCount "77"]
[EventDate "2016.04.18"]
[EventType "swiss"]
[EventRounds "9"]
[EventCountry "ROU"]
[SourceTitle "CBM 172 Extra"]
[Source "ChessBase"]
[SourceDate "2016.06.21"]
[SourceVersion "1"]
[SourceVersionDate "2016.06.21"]
[SourceQuality "1"]

1. e4 e5 2. Nf3 d5 3. Nc3 dxe4 4. Nxe4 Bg4 5. Be2 Bxf3 6. Bxf3 Nf6 7. Nxf6+ Qxf6 8. Bxb7 Bc5 9. 0-0 e4 10. Bxa8 0-0 11. Bxe4 Bd6 12. Qf3 Qe5 13. Qg3 Qxe4 14. Qe3 Qxc2 15. Qc3 Qf5 16. b3 Be5 17. Qc5 Qf4 18. g3 Qf6 19. Rb1 Nc6 20. Re1 Re8 21. Qb5 h6 22. Bb2 Kf8 23. Ba3+ Kg8 24. Rbc1 Re6 25. Re4 Nd4 26. Qb8+ Kh7 27. Qxa7 Ra6 28. Qc5 Nf3+ 29. Kg2 Rxa3 30. Qxa3 Nxd2 31. Re2 Bb2 32. Qc5 Bxc1 33. Qxc1 Nf3 34. Qxc7 Nd4 35. Re7 Kg8 36. Qe5 Qc6+ 37. Qe4 Qxe4+ 38. Rxe4 Nc2 39. a4 1-0